000 00495nam a22001577a 4500
005 20251108174534.0
008 250721s2008 xx 000 0 ara d
082 1 4 _a332.35/حسي
100 1 _aحسين، عصام
_eمؤلف
245 1 0 _aأسواق الأوراق المالية : "البورصة" /
264 1 _aعمان :
_bدار أسامة للنشر و التوزيع،
_c2008.
300 _a287 ص.
650 1 7 _aالاسواق الماليه
942 _2ddc
_cBK
999 _c111741
_d111741